Hydrology for engineers. (Record no. 544320)
[ view plain ]
| 000 -LEADER | |
|---|---|
| fixed length control field | 00534nam a2200181 4500 |
| 020 ## - INTERNATIONAL STANDARD BOOK NUMBER | |
| International Standard Book Number | 0-07-037967-3 |
| 082 ## - DEWEY DECIMAL CLASSIFICATION NUMBER | |
| Classification number | 532 |
| Author Mark | LIN |
| -- | L-22 P-34 |
| 100 ## - MAIN ENTRY--PERSONAL NAME | |
| Personal name | Linsley , Ray K. |
| 9 (RLIN) | 2147 |
| 245 ## - TITLE STATEMENT | |
| Title | Hydrology for engineers. |
| 250 ## - EDITION STATEMENT | |
| Edition statement | 2nd Edition. |
| 260 ## - PUBLICATION, DISTRIBUTION, ETC. | |
| Place of publication, distribution, etc. | Japan |
| Name of publisher, distributor, etc. | Kosaido printing co LTD Tokyo |
| Date of publication, distribution, etc. | 1975 |
| 300 ## - PHYSICAL DESCRIPTION | |
| Extent | xxiii, 482 p. : |
| Other physical details | ill, : |
| Dimensions | 8 Cm |
| 526 ## - STUDY PROGRAM INFORMATION NOTE | |
| Program name | 0 |
| Interest level | 0 |
| Reading level | 0 |
| Title point value | 532_000000000000000_LIN |
| 526 ## - STUDY PROGRAM INFORMATION NOTE | |
| Program name | 0 |
| Interest level | 0 |
| Reading level | 0 |
| Title point value | 532_000000000000000_LIN |
| 526 ## - STUDY PROGRAM INFORMATION NOTE | |
| Program name | 0 |
| Interest level | 1 |
| Reading level | 0 |
| Title point value | 532_000000000000000_LIN |
| 650 ## - SUBJECT ADDED ENTRY--TOPICAL TERM | |
| Topical term or geographic name entry element | MCE |
| 9 (RLIN) | 379 |
| 942 ## - ADDED ENTRY ELEMENTS (KOHA) | |
| Source of classification or shelving scheme | |
| Koha item type | Book |
| Withdrawn status | Lost status | Source of classification or shelving scheme | Damaged status | Not for loan | Permanent Location | Current Location | Date acquired | Total Checkouts | Full call number | Barcode | Date last seen | Price effective from | Koha item type | Date last checked out |
|---|---|---|---|---|---|---|---|---|---|---|---|---|---|---|
| Military College of Engineering (MCE) | Military College of Engineering (MCE) | 04/17/2014 | 532 LIN | MCE-70018 | 04/17/2014 | 03/14/2021 | Book | |||||||
| Military College of Engineering (MCE) | Military College of Engineering (MCE) | 08/19/2014 | 1 | 532 LIN | MCE-43342 | 10/14/2019 | 08/19/2014 | Book | 09/12/2017 | |||||
| Military College of Engineering (MCE) | Military College of Engineering (MCE) | 05/19/2015 | 1 | 532 LIN | MCE-27138 | 05/19/2015 | 05/19/2015 | Book | 05/19/2015 |
